00264 a2200109 450000500170000002000180001708200120003510000170004724500290006426000390009330000220013220250628095331.0 a0-17-640633-6 a658 HAR aHARRISON, K. aThe Future of Business. aNew York, bThomson Nelson,c2005. aiv, 314p.: c28cm